Hội thảo tiếp cận và sử dụng dữ liệu sáng chế và phi sáng chế

Nội dung tài liêu gồm các bài tham luận tại Hội thảo tiếp cận và sử dụng dữ liệu sáng chế và phi sáng chế do Sở Khoa học & Công nghệ thành phố Hồ Chí Minh tổ chức ngày 01 tháng 11 năm 2012.

Spremljeno u:
Bibliografski detalji
Autor kompanije: Sở Khoa học & công nghệ thành phố Hồ Chí Minh (DOST)
Format: Knjiga
Jezik:Undetermined
Izdano: Cần Thơ Trường Đại học Cần Thơ 2012
Teme:
Oznake: Dodaj oznaku
Bez oznaka, Budi prvi tko označuje ovaj zapis!
Thư viện lưu trữ: Trung tâm Học liệu Trường Đại học Cần Thơ
LEADER 01095nam a2200193Ia 4500
001 CTU_205215
008 210402s9999 xx 000 0 und d
082 |a 346.597048 
082 |b S460 
110 |a Sở Khoa học & công nghệ thành phố Hồ Chí Minh (DOST) 
245 0 |a Hội thảo tiếp cận và sử dụng dữ liệu sáng chế và phi sáng chế 
245 0 |c Sở Khoa học & công nghệ thành phố Hồ Chí Minh (DOST) 
260 |a Cần Thơ 
260 |b Trường Đại học Cần Thơ 
260 |c 2012 
520 |a Nội dung tài liêu gồm các bài tham luận tại Hội thảo tiếp cận và sử dụng dữ liệu sáng chế và phi sáng chế do Sở Khoa học & Công nghệ thành phố Hồ Chí Minh tổ chức ngày 01 tháng 11 năm 2012. 
650 |a License system,Sở hữu trí tuệ,Hệ thống giấy phép,Intellectual property 
904 |i Qhieu 
980 |a Trung tâm Học liệu Trường Đại học Cần Thơ